滋賀県の市町村(1960年) - Statistics

General Stats
  • This quiz has been taken 57 times
  • The average score is 43 of 53
Answer Stats
No. 市町村 備考 % Correct
1 大津市
100%
3 長浜市
100%
2 彦根市
97%
6 草津市
97%
4 近江八幡市
95%
5 八日市市 2005年消滅
92%
9 栗太郡 栗東町 2001年昇格
89%
11 野洲郡 守山町 1970年昇格
89%
13 野洲郡 野洲町 2004年消滅
89%
38 坂田郡 米原町 2005年消滅
89%
16 甲賀郡 水口町 2004年消滅
87%
18 甲賀郡 甲賀町 2004年消滅
87%
20 甲賀郡 信楽町 2004年消滅
87%
23 蒲生郡 日野町
87%
24 蒲生郡 竜王町
87%
34 犬上郡 甲良町
87%
41 東浅井郡 虎姫町 2010年消滅
87%
48 高島郡 マキノ町 2005年消滅
87%
49 高島郡 今津町 2005年消滅
87%
52 高島郡 高島町 2005年消滅
87%
33 犬上郡 豊郷村 1971年昇格
84%
35 犬上郡 多賀町
84%
40 東浅井郡 浅井町 2006年消滅
84%
50 高島郡 朽木村 2005年消滅
82%
8 滋賀郡 志賀町 2006年消滅
79%
14 甲賀郡 石部町 2004年消滅
79%
17 甲賀郡 土山町 2004年消滅
79%
19 甲賀郡 甲南町 2004年消滅
79%
27 神崎郡 能登川町 2006年消滅
79%
30 愛知郡 愛知川町 2006年消滅
79%
37 坂田郡 伊吹村 1971年昇格
79%
44 伊香郡 木之本町 2010年消滅
79%
45 伊香郡 高月町 2010年消滅
79%
51 高島郡 安曇川町 2005年消滅
79%
53 高島郡 新旭町 2005年消滅
79%
15 甲賀郡 甲西町 2004年消滅
76%
21 蒲生郡 安土町 2010年消滅
76%
22 蒲生郡 蒲生町 2006年消滅
76%
31 愛知郡 秦荘町 2006年消滅
76%
46 伊香郡 余呉村 1971年昇格
76%
7 滋賀郡 堅田町 1967年消滅
74%
47 伊香郡 西浅井村 1971年昇格
74%
12 野洲郡 中主町 2004年消滅
71%
42 東浅井郡 湖北町 2010年消滅
71%
28 愛知郡 愛東村 1971年昇格
68%
25 神崎郡 永源寺町 2005年消滅
66%
29 愛知郡 湖東町 2005年消滅
66%
39 坂田郡 近江町 2005年消滅
66%
43 東浅井郡 びわ村 1971年昇格
66%
10 栗太郡 瀬田町 1967年消滅
63%
26 神崎郡 五個荘町 2005年消滅
63%
36 坂田郡 山東町 2005年消滅
61%
32 愛知郡 稲枝町 1968年消滅
53%
No matching quizzes found
Score Distribution
Percent of People with Each Score
Percentile by Number Answered
Your Score History
You have not taken this quiz